LDR 00692naa#a2200181#i#450# 001 EN\\bibl\126820 005 20260701103101.3 011 ## _a1815-588X 100 ## _a20260630b2026####ek#y0engy0150####ca 102 ## _aRU 200 1# _aDevelopment of Methods for Processing Container Flows Based on the Language of Transport and Logistics Facilities _eJournal article 210 1# _aSaint-Petersburg _cFSBEI HE "Emperor Alexander I St. Petersburg State Transport University" _d2026 215 ## _a9 с. 608 ## _aJournal article _2local 675 ## _aУскорение, задержка. 656.073.26 _z 700 #1 _aKaykina _gEkaterina Aleksandrovna 700 #1 _aNovichihin _gAlexey Viktorovich 856 4# _aitt-pgups.ru _u